000 00852nam a2200217Ia 4500
999 _c37602
_d37602
001 3574
003 GE_BSU
005 20190528163616.0
008 181216s1986|||| |||||||||||||| ||geo||
040 _cGE_BSU
041 _ageo
080 _a514.1(076.1) ს-28
100 _aსარალიძე,ა.
_91742
245 _aბრტყელ ნაკვთთა გეომეტრიული მახასიათებლები : დამხ.სახელმძღ. /
_cა. სარალიძე ; რედ : მ.ძიძიგური.
264 _aთბილისი :
_bსპი,
_c1986.
300 _a90 გვ :.
_c20 სმ.
653 _aგეომეტრია
653 _aმათემატიკა
700 _aძიძიგური, მ
_eრედაქტორი
_9472
942 _cBK
_2udc